| 000 | 01255na a2200325 4500 | ||
|---|---|---|---|
| 999 |
_c6583 _d6583 |
||
| 001 | 19358 | ||
| 003 | MIRAKIL | ||
| 005 | 20200225125219.0 | ||
| 008 | 170214b tu 000 0 | ||
| 035 | _a19358 | ||
| 040 |
_aMilas _btur _cTR-AnCHP |
||
| 041 | _atur | ||
| 082 |
_aCHP 338.17463 _bZ39 2005 |
||
| 090 | _aBROŞÜR 478 | ||
| 222 | _aTarım raporları | ||
| 222 | _aCHP tarım | ||
| 245 |
_aZeytin ve zeytinyağı üreticilerinin sorunlarını araştırma komisyonu raporu: _b(Aralık 2005)/ _cTürkiye Büyük Millet Meclisi Cumhuriyet Halk Partisi Grup Başkanlığı. |
||
| 260 |
_aAnkara: _bCHP, _c2005. |
||
| 300 |
_a64 s.: _bres.(bazısı rnk)., _c24 sm. |
||
| 490 | _aCumhuriyet Halk Partisi yayınları | ||
| 610 |
_aCHP _bZeytin ve Zeytinyağı Üreticilerinin Sorunlarını Araştırma Komisyonu _xRaporlar |
||
| 610 |
_aCHP _xKomisyon raporları _yZeytin ve zeytincilik |
||
| 610 |
_aCHP _xZeytinyağı _yRaporlar |
||
| 610 |
_aCHP _xZeytin _yRaporlar |
||
| 650 |
_aTarım sorunları _xZeytin ve zeytincilik _yRaporlar _zTürkiye |
||
| 650 |
_aZeytin üreticileri _yRaporlar _zTürkiye |
||
| 856 | _zDijital Nüshası için Partimizin Kütüphane Sorumlusu ile iletişime geçiniz. | ||
| 942 |
_2ddc _cVIS |
||